ბათუმის შოთა რუსთაველის სახელმწიფო უნივერსიტეტის ბიბლიოთეკა

ზედაპირების თანაკვეთა ტექნიკური დეტალების ნახაზებზე : (ბიბ.ჩანაწერი № 57265)

000 -ლიდერი
ფიქსირებული სიგრძის საკონტროლო ველი 01295nam a22002417a 4500
003 - საკონტროლო ნომრის იდენტიფიკატორი
საკონტროლო ველი Ge_BSU
005 - ბოლო ოპერაციის თარიღი და დრო
საკონტროლო ველი 20200130110539.0
008 - ფიქსირებული სიგრძის მონაცემთა ელემენტები - ზოგადი ინფორმაცია
ფიქსირებული სიგრძის საკონტროლო ველი 200130s2016 ||||| |||| 00| 0 geo d
020 ## - წიგნის საერთაშორისო სტანდარტული ნომერი
International Standard Book Number 9789941207235
041 ## - ენის კოდი
Language code of text/sound track or separate title geo
080 ## - უნივერსალური ათობითი კლასიფიკაციის ინდექსი
Universal Decimal Classification number 76:621(075.8) დ-32
100 ## - მთავარი ჩანაწერი - პიროვნების სახელი
Personal name დემეტრაშვილი, მერი.
9 (RLIN) 6514
245 ## - ცნობა სათაურის შესახებ
Title ზედაპირების თანაკვეთა ტექნიკური დეტალების ნახაზებზე :
Remainder of title (ამოცანათა კრებული მეთოდ. მითითებებით) /
Statement of responsibility, etc მერი დემეტრაშვილი ; მანანა ძიძიგური ; რედ. ბ. ცხადაძე.
264 ## - წარმოების, გამოცემის, დისტრიბუციის და სხვა ცნობები
გამოცემის, წარმოების, დისტრიბუციის... ადგილი თბილისი :
გამოცემის, წარმოების, დისტრიბუციის... სახელწოდება ტექნ. უნ-ტი,
გამოცემის, წარმოების, დისტრიბუციის... თარიღი 2016.
300 ## - ფიზიკური აღწერა
Extent 58 გვ. :
Other physical details სურ. ;
Dimensions 20 სმ.
504 ## - BIBLIOGRAPHY, ETC. NOTE
Bibliography, etc ბიბლიოგრ.: გვ. 55
653 ## - INDEX TERM--UNCONTROLLED
Uncontrolled term საინჟინრო გრაფიკა
653 ## - INDEX TERM--UNCONTROLLED
Uncontrolled term ტექნიკა
700 ## - ADDED ENTRY--PERSONAL NAME
Personal name ძიძიგური, მანანა
9 (RLIN) 6515
700 ## - ADDED ENTRY--PERSONAL NAME
Personal name ცხადაძე, ბ
Relator term რედაქტორი
9 (RLIN) 6516
710 ## - ADDED ENTRY--CORPORATE NAME
Relator term საქართველოს ტექნიკური უნ-ტი
9 (RLIN) 6517
942 ## - ADDED ENTRY ELEMENTS (KOHA)
Source of classification or shelving scheme
Koha item type წიგნი
ეგზემპლარები
ჩამოწერის სტატუსი დაკარგული ეგზემპლარის სტატუსი კლასიფიკაციის წყარო ან თაროზე გაწყობის სქემა დაზიანების სტატუსი არ გაიცემა მუდმივი მდებარეობა (დაცვის ადგილი) ამჟამინდელი ადგილსამყოფელი თაროზე განთავსების ადგილი შეძენის თარიღი ღირებულება, შესყიდვის ნორმალური ფასი სრული შენახვის შიფრი შტრიხკოდი ბოლო ოპერაციის თარიღი ეგზემპლარის მიმდევრობითი ნომერი (კეტერი?) ფასის ძალაში შესვლის თარიღი ეგზემპლარის სახეობა საჯარო შენიშვნა
          ბათუმის შოთა რუსთაველის სახელმწიფო უნივერსიტეტის მთავარი ბიბლიოთეკა ტექნოლოგიური ფაკულტეტის ბიბლიოთეკა წიგნსაცავი 2020-01-30 4.00 76:621(075.8) დ-32 60387 2020-01-30 60387 2020-01-30 წიგნი 4.,00